000 00508nam a2200145 4500
001 5393
005 20181127175437.0
020 _a9789993614715
_c
_z
090 0 0 _a343.54 D699r 2013
245 0 0 _aRangeland tenure transfer :
_ban analysis of policy and legal issues in Bhutan /
_cLyonpo Dr. Kinzang Dorji.
_h
260 0 0 _aThimphu :
_bThe Centre for Bhutan Studies & GNH Research,
_c2013.
300 0 0 _a106 p. ; 25 cm.
650 0 0 _aLand tenure--Law and legislation --Bhutan.
_x
999 _c4528
_d4528